Statistics for All Skylanders

Click here to take the quiz!

General Stats

  • This quiz has been taken 390 times
    (388 since last reset)
  • The average score is 90 of 157

Answer Stats

GameElementAnswer% Correct
SSAMagicSpyro
96%
SSAWaterGill Grunt
86%
SSAFireEruptor
84%
SSATechTrigger Happy
84%
SSALifeStealth Elf
81%
GLifeTree Rex
78%
SSAMagicVoodood
78%
SSAMagicDouble Trouble
77%
SSAMagicWrecking Ball
77%
SSAFireIgnitor
75%
GAirJet Vac
75%
SSAWaterZap
75%
SSATechBoomer
74%
SSALifeCamo
74%
SSAFireFlameslinger
74%
SSAWaterSlam Bam
74%
SSAUndeadChop Chop
73%
SSAUndeadHex
73%
SSATechDrobot
72%
GUndeadEye Brawl
72%
GFireHot Head
72%
GMagicPop Fizz
72%
SSALifeStump Smash
72%
SSAFireSunburn
72%
SSAAirWhirlwind
72%
SSALifeZook
72%
GTechBouncer
71%
SSAUndeadCynder
71%
IKaosKaos
71%
SSAEarthPrism Break
71%
GWaterThumpback
71%
GMagicNinjini
70%
SSAEarthBash
69%
SSATechDrill Sergeant
69%
GFireHot Dog
69%
SSAAirSonic Boom
69%
SSAEarthTerrafin
69%
SSAWaterWham Shell
69%
SSAUndeadGhost Roaster
68%
SSAAirLightning Rod
68%
GTechSprocket
68%
SSAAirWarnado
68%
GWaterChill
66%
GEarthCrusher
66%
GLifeShroomboom
66%
GAirSwarm
66%
SSAEarthDino Rang
65%
GUndeadFright Rider
63%
T TWaterSnap Shot
63%
SFWaterWash Buckler
63%
GEarthFlashwing
61%
SFFireBlast Zone
60%
SFMagicHoot Loop
60%
T TLifeFood Fight
59%
IEarthGolden Queen
59%
SFUndeadRattle Shake
59%
SFWaterFreeze Blade
58%
SCFireSpitfire
57%
SFLifeStink Bomb
57%
T TFireWild Fire
57%
SFFireFire Kraken
56%
SFMagicTrap Shadow
56%
SFLifeZoo Lou
56%
SFAirBoom Jet
55%
SFAirFree Ranger
55%
SFMagicStar Strike
55%
SFFireFryno
54%
T TAirGusto
54%
IWaterKing Pen
54%
T TLightKnight Light
54%
T TWaterLob Star
54%
SFTechMagna Charge
54%
SFUndeadNight Shift
54%
SFAirPop Thorn
54%
SFUndeadRoller Brawl
54%
SFEarthScorp
54%
SFEarthSlobber Tooth
54%
SFTechSpy Rise
54%
IUndeadWolfgang
54%
SFTechCountdown
53%
T TTechJaw Breaker
53%
T TFireKaboom
53%
T TDarkKnight Mare
53%
T TUndeadKrypt King
53%
SFWaterRip Tide
53%
T TMagicBlaster Mind
52%
ILifeChompy Mage
52%
SFEarthDoom Stone
52%
T TUndeadFunny Bone
52%
SFLifeGrilla Drilla
52%
SFUndeadGrim Creeper
52%
T TEarthHead Rush
52%
SFEarthRubble Rouser
52%
SFTechWind Up
52%
T TDarkBlackout
51%
T TAirBlades
51%
T TLifeBush Whack
51%
ILifeCrash Bandicoot
51%
SFMagicDune Bug
51%
T TMagicEnigma
51%
SCUndeadFiesta
51%
SFWaterPunk Shock
51%
SFFireSmolderdash
51%
T TLightSpot Light
51%
T TAirThunderBolt
51%
T TFireTorch
51%
T TLifeTuff Luck
51%
T TEarthWallop
51%
T TTechGear Shift
50%
SFAirScratch
50%
SCLightAstro Blast
49%
ILightAurora
49%
IEarthBarbella
49%
ILightBlaster-Tron
49%
SFLifeBumble Blast
49%
T TTechChopper
49%
T TMagicDejavu
49%
IFireFlare Wolf
49%
T TLifeHigh Five
49%
T TUndeadShort Cut
49%
T TAirFling Kong
48%
IDarkHood Sickle
48%
IMagicPainyatta
48%
SCWaterDive Clops
47%
ITechDr Krankcase
47%
T TWaterEcho
47%
IWaterGrave Clobber
47%
SCDarkNightfall
47%
SCMagicSplat
47%
T TFireTrail Blazer
47%
IAirAir Strike
46%
IAirBad Juju
46%
T TUndeadBat Spin
46%
ILifeBoom Bloom
46%
T TMagicCobra Cadabra
46%
T TWaterFlip Wreck
46%
ITechRo-Bow
46%
T TEarthRocky Roll
46%
T TTechTread Head
46%
ILifeAmbush
45%
IMagicBuckshot
45%
ITechDr Neo Cortex
45%
IFireEmber
45%
T TEarthFist Bump
45%
IMagicMysticat
45%
SCEarthSmash Hit
45%
IDarkStarcast
45%
SCAirStorm Blade
45%
SCLifeThrillipede
45%
SCTechHigh Volt
44%
ITechChain Reaction
43%
IUndeadChopscotch
43%
IUndeadPit Boss
43%
IFireTae Kwon Crow
43%
IEarthTritip
43%
IAirWild Storm
42%
IWaterTidepool
40%

Score Distribution

Percentile by Number Answered

Percent of People with Each Score

Your Score History

You have not taken this quiz since the last reset